[Event "EU-ch U18 Girls 25th"]
[Site "Porec"]
[Date "2015.09.28"]
[Round "7"]
[White "Sanders, Catheleijne"]
[Black "Harazinska, Ewa"]
[Result "0-1"]
[WhiteElo "1846"]
[BlackElo "2055"]
[PlyCount "94"]
[EventDate "2015.09.21"]
[EventType "swiss"]
[EventRounds "9"]
[EventCountry "CRO"]
[SourceTitle "EXT 2016"]
[Source "ChessBase"]
[SourceDate "2015.10.08"]
[SourceVersion "1"]
[SourceVersionDate "2015.10.08"]
[SourceQuality "1"]

1. e4 c5 2. Nf3 d6 3. d4 cxd4 4. Nxd4 Nf6 5. Nc3 a6 6. Bg5 e6 7. f4 b5 8. e5 dxe5 9. fxe5 Qc7 10. exf6 Qe5+ 11. Be2 Qxg5 12. Bf3 Ra7 13. Qd3 Rd7 14. Ne4 Qe5 15. 0-0-0 gxf6 16. Bh5 Bb7 17. Bf3 f5 18. Ng3 Bxf3 19. gxf3 Nc6 20. Nge2 Nxd4 21. Nxd4 Bc5 22. c3 Qf4+ 23. Qd2 Qxd2+ 24. Rxd2 Bxd4 25. Rxd4 Rxd4 26. cxd4 Ke7 27. Rd1 Rg8 28. Rd2 Rg1+ 29. Kc2 Rf1 30. Kb3 a5 31. Rd3 Rf2 32. h3 Kd6 33. Kc3 Rh2 34. f4 Rf2 35. a3 Rxf4 36. b4 axb4+ 37. Kxb4 Kd5 38. Kxb5 Rxd4 39. Rg3 f4 40. Rc3 Ke4 41. a4 f3 42. a5 f2 43. Rc1 Kf3 44. a6 Rd8 45. Kb6 Kg2 46. Kc7 Ra8 47. Kb7 Rxa6 0-1

[Event "EU-ch U18 Girls 25th"]
[Site "Porec"]
[Date "2015.09.27"]
[Round "6"]
[White "Sanders, Catheleijne"]
[Black "Mammadova, Narmin Fazahir Qizi"]
[Result "1-0"]
[WhiteElo "1846"]
[BlackElo "2223"]
[PlyCount "53"]
[EventDate "2015.09.21"]
[EventType "swiss"]
[EventRounds "9"]
[EventCountry "CRO"]
[SourceTitle "EXT 2016"]
[Source "ChessBase"]
[SourceDate "2015.10.08"]
[SourceVersion "1"]
[SourceVersionDate "2015.10.08"]
[SourceQuality "1"]

1. e4 e6 2. d4 d5 3. Nd2 h6 4. Ngf3 Nf6 5. e5 Nfd7 6. Bd3 c5 7. c4 dxc4 8. Nxc4 Nb6 9. Be4 cxd4 10. 0-0 Nc6 11. Qe2 Bc5 12. Bf4 Nd5 13. Bg3 0-0 14. Rac1 Be7 15. Rfd1 f5 16. exf6 Bxf6 17. Nce5 Nxe5 18. Nxe5 Ne7 19. Qc4 Qa5 20. b4 Qb6 21. Rxd4 Nc6 22. Nxc6 bxc6 23. Rd6 a5 24. Bxc6 Ra7 25. Bd7 Qxb4 26. Qxb4 axb4 27. Bxc8 1-0

[Event "NED-ch U21/U17 Girls"]
[Site "Rotterdam"]
[Date "2015.05.06"]
[Round "6"]
[White "Dubbeldam, Lydia"]
[Black "Sanders, Catheleijne"]
[Result "0-1"]
[WhiteElo "1764"]
[BlackElo "1816"]
[PlyCount "128"]
[EventDate "2015.05.02"]
[EventType "swiss"]
[EventRounds "9"]
[EventCountry "NED"]
[SourceTitle "EXT 2016"]
[Source "ChessBase"]
[SourceDate "2015.10.08"]
[SourceVersion "1"]
[SourceVersionDate "2015.10.08"]
[SourceQuality "1"]

1. e4 c5 2. Nf3 d6 3. d4 cxd4 4. Nxd4 Nf6 5. Nc3 a6 6. Be3 e6 7. g4 h6 8. Bg2 Nbd7 9. Qe2 Be7 10. 0-0-0 Ne5 11. h3 Qc7 12. f4 Nc4 13. f5 Nxe3 14. Qxe3 0-0 15. Kb1 Qc5 16. Rd3 e5 17. Nf3 Qxe3 18. Rxe3 Bd7 19. g5 hxg5 20. Nxg5 Nh5 21. h4 Nf4 22. Rg3 Nxg2 23. Rxg2 Bc6 24. Rhg1 Kh8 25. h5 Bxg5 26. Rxg5 Rg8 27. a3 Kh7 28. Rh1 b5 29. b4 Rac8 30. Kb2 Bb7 31. Rg4 Rc4 32. Rd1 Rgc8 33. Rd3 Kh6 34. Rdg3 d5 35. exd5 Rxg4 36. Rxg4 Rd8 37. Kb3 Bxd5+ 38. Nxd5 Rxd5 39. a4 Rd7 40. axb5 axb5 41. c4 Rd3+ 42. Kc2 bxc4 43. Rxc4 Rd7 44. f6 gxf6 45. Rc6 Kxh5 46. Rxf6 Kg5 47. Rf1 f5 48. b5 e4 49. b6 Rb7 50. Rb1 f4 51. Kd2 Kg4 52. Ke2 Kf5 53. Rb5+ Ke6 54. Rb4 Kd5 55. Rb5+ Kd4 56. Rb4+ Ke5 57. Rb5+ Kf6 58. Rb4 Kf5 59. Rb5+ Kg4 60. Rb4 f3+ 61. Ke3 Kg3 62. Kxe4 f2 63. Rb3+ Kg2 64. Rb2 Kg1 0-1

[Event "EU-ch U16 Girls"]
[Site "Prague"]
[Date "2012.08.25"]
[Round "9"]
[White "Shakhmurzova, Fatima"]
[Black "Sanders, Catheleijne"]
[Result "1-0"]
[WhiteElo "1905"]
[BlackElo "1800"]
[PlyCount "77"]
[EventDate "2012.08.17"]
[EventType "swiss"]
[EventRounds "9"]
[EventCountry "CZE"]
[SourceTitle "CBM 150 Extra"]
[Source "ChessBase"]
[SourceDate "2012.10.19"]
[SourceVersion "1"]
[SourceVersionDate "2012.10.19"]
[SourceQuality "1"]

1. e4 c5 2. Nf3 d6 3. d4 cxd4 4. Nxd4 Nf6 5. Nc3 a6 6. h3 g6 7. g4 Bg7 8. Bg2 0-0 9. Be3 Nc6 10. Nd5 Bd7 11. 0-0 Rc8 12. c3 Ne5 13. Bg5 Nxd5 14. exd5 Nc4 15. b3 Na3 16. Rc1 h6 17. Be3 Qa5 18. Qd2 Kh7 19. f4 Nb5 20. Nxb5 Bxb5 21. c4 Qxd2 22. Bxd2 Bd4+ 23. Kh2 Bd7 24. Rfe1 Bf6 25. b4 b6 26. Be3 Rb8 27. Kg3 Rfc8 28. Bf1 a5 29. b5 Rc7 30. h4 Bc8 31. Bd3 Bh8 32. Bf2 f5 33. h5 Bg7 34. Re2 Bf6 35. hxg6+ Kxg6 36. Rg1 Bc3 37. gxf5+ Kf6 38. Kf3 Bxf5 39. Bh4+ 1-0

[Event "EU-ch U16 Girls"]
[Site "Prague"]
[Date "2012.08.21"]
[Round "5"]
[White "Sanders, Catheleijne"]
[Black "Kiseleva, Arina"]
[Result "0-1"]
[WhiteElo "1800"]
[BlackElo "1937"]
[PlyCount "80"]
[EventDate "2012.08.17"]
[EventType "swiss"]
[EventRounds "9"]
[EventCountry "CZE"]
[SourceTitle "CBM 150 Extra"]
[Source "ChessBase"]
[SourceDate "2012.10.19"]
[SourceVersion "1"]
[SourceVersionDate "2012.10.19"]
[SourceQuality "1"]

1. e4 c5 2. Nf3 d6 3. d4 cxd4 4. Nxd4 Nf6 5. Nc3 Nc6 6. Bg5 e6 7. Qd2 a6 8. Nb3 Be7 9. f3 b5 10. a3 Qb6 11. 0-0-0 Bd7 12. Bf4 Ne5 13. Be2 Rc8 14. Be3 Qc7 15. g4 Nc4 16. Bxc4 bxc4 17. Nd4 Qb7 18. Nce2 d5 19. e5 c3 20. Nxc3 Ng8 21. Nb3 a5 22. Qd4 a4 23. Nxa4 Qxb3 24. Nc3 Qc4 25. Rd3 Bc5 26. Qf4 Qxf4 27. Bxf4 Ne7 28. b4 Bb6 29. Rhd1 h5 30. h3 Ng6 31. Bg3 hxg4 32. hxg4 Rh3 33. f4 Ke7 34. a4 d4 35. Ne4 Bxa4 36. f5 Bxc2 37. Nd6 Rc6 38. b5 Rc7 39. Ra3 Bxd1+ 40. Kxd1 Rxg3 0-1

[Event "EU-ch U16 Girls"]
[Site "Prague"]
[Date "2012.08.17"]
[Round "1"]
[White "Sanders, Catheleijne"]
[Black "Utiatskaja, Irina"]
[Result "0-1"]
[WhiteElo "1800"]
[BlackElo "2012"]
[PlyCount "78"]
[EventDate "2012.08.17"]
[EventType "swiss"]
[EventRounds "9"]
[EventCountry "CZE"]
[SourceTitle "CBM 150 Extra"]
[Source "ChessBase"]
[SourceDate "2012.10.19"]
[SourceVersion "1"]
[SourceVersionDate "2012.10.19"]
[SourceQuality "1"]

1. e4 e6 2. d4 d5 3. e5 c5 4. c3 Qb6 5. Nf3 Nc6 6. a3 Nh6 7. b4 cxd4 8. cxd4 Nf5 9. Bb2 Bd7 10. Be2 h5 11. Nc3 Nfxd4 12. Nxd4 Qxd4 13. Qxd4 Nxd4 14. Nxd5 Nxe2 15. Nc7+ Kd8 16. Nxa8 Bb5 17. Rd1+ Kc8 18. Rd2 Nf4 19. Rc2+ Kb8 20. Nc7 Ba4 21. Rc3 Be7 22. g3 Bc6 23. f3 Ng6 24. Na6+ Ka8 25. Nc5 Nxe5 26. Ne4 f5 27. Nd2 Rd8 28. Bc1 Bf6 29. 0-0 Nd3 30. Rc2 Ba4 31. Rc4 b5 32. Rc6 Kb8 33. Rxe6 Nxc1 34. Rxc1 Rxd2 35. Rec6 Bd4+ 36. Kh1 Bb6 37. R6c3 Bd1 38. h4 g6 39. Rb1 Bd4 0-1

[Event "Maastricht Limburg op-B 6th"]
[Site "Maastricht"]
[Date "2012.05.28"]
[Round "6"]
[White "Sanders, Catheleijne"]
[Black "Loose, Rob"]
[Result "1-0"]
[WhiteElo "1775"]
[BlackElo "1970"]
[PlyCount "146"]
[EventDate "2012.05.25"]
[EventType "swiss"]
[EventRounds "7"]
[EventCountry "NED"]
[SourceTitle "EXT 2013"]
[Source "ChessBase"]
[SourceDate "2012.11.22"]
[SourceVersion "1"]
[SourceVersionDate "2012.11.22"]
[SourceQuality "1"]

1. e4 Nf6 2. e5 Nd5 3. d4 d6 4. c4 Nb6 5. exd6 cxd6 6. Nf3 g6 7. b3 Bg7 8. Nc3 0-0 9. g3 Nc6 10. Bg2 Bg4 11. Ne2 e5 12. dxe5 Bxf3 13. Bxf3 Nxe5 14. Bxb7 Qd7 15. Bxa8 Rxa8 16. Nf4 Re8 17. 0-0 g5 18. Ng2 Qf5 19. f4 Nd3 20. Rf3 Ne1 21. Nxe1 Bxa1 22. Ba3 Bg7 23. Bxd6 Nd7 24. Ng2 g4 25. Rd3 Nf6 26. Be5 Nh5 27. Bxg7 Nxg7 28. Ne3 Qa5 29. Kg2 Qxa2+ 30. Qc2 Qxc2+ 31. Nxc2 Re2+ 32. Kg1 Rxc2 33. Rd8+ Ne8 34. Rxe8+ Kg7 35. Re5 h6 36. Rb5 Kg6 37. Rb7 Rc3 38. Kf1 Kg7 39. Rxa7 Rxb3 40. Ke2 Rb2+ 41. Kd3 Rxh2 42. Kd4 Rc2 43. Ra3 h5 44. c5 Kf8 45. Kd5 Rd2+ 46. Ke5 Re2+ 47. Kf6 Re6+ 48. Kg5 Rc6 49. Rc3 Ke7 50. Kxh5 Rg6 51. c6 Kd8 52. c7+ Kc8 53. Rc5 Rg8 54. f5 f6 55. Rc6 Rg5+ 56. Kh4 Rxf5 57. Kxg4 Rb5 58. Kf4 Ra5 59. g4 Rb5 60. Ke4 Ra5 61. Kf4 Rb5 62. Rxf6 Kxc7 63. Rf5 Rb6 64. Kg5 Kd7 65. Rf6 Rb1 66. Kg6 Rg1 67. g5 Ke8 68. Rf5 Rg2 69. Kg7 Rg1 70. g6 Re1 71. Rf8+ Ke7 72. Rf7+ Ke8 73. Kg8 Rh1 1-0

[Event "Maastricht Limburg op-B 6th"]
[Site "Maastricht"]
[Date "2012.05.26"]
[Round "3"]
[White "Sanders, Catheleijne"]
[Black "Snoeks, Marnicq"]
[Result "1-0"]
[WhiteElo "1775"]
[BlackElo "1706"]
[PlyCount "139"]
[EventDate "2012.05.25"]
[EventType "swiss"]
[EventRounds "7"]
[EventCountry "NED"]
[SourceTitle "EXT 2013"]
[Source "ChessBase"]
[SourceDate "2012.11.22"]
[SourceVersion "1"]
[SourceVersionDate "2012.11.22"]
[SourceQuality "1"]

1. e4 e5 2. Nf3 Nc6 3. Bb5 d6 4. 0-0 Be7 5. c3 Nf6 6. Re1 0-0 7. h3 Bd7 8. d4 a6 9. Ba4 h6 10. Nbd2 Re8 11. Bxc6 Bxc6 12. dxe5 dxe5 13. Nxe5 Bxe4 14. Qb3 Bd5 15. c4 Bc6 16. Ndf3 Bxf3 17. Nxf3 b6 18. Bf4 Bc5 19. Rxe8+ Nxe8 20. Rd1 Qf6 21. Be5 Qc6 22. Qc3 Bf8 23. Qd4 Nd6 24. b3 Re8 25. Qg4 Qa8 26. Rd5 Qc8 27. Qg3 Qe6 28. Nd4 Qg6 29. Qxg6 fxg6 30. Nf3 Re6 31. Kf1 c6 32. Rd3 Nf7 33. Bd4 b5 34. c5 g5 35. Be3 Ne5 36. Nxe5 Rxe5 37. b4 Kf7 38. Ra3 Re4 39. Bd2 Rc4 40. Rxa6 Bxc5 41. bxc5 Rxc5 42. Ke2 Rc4 43. Kd3 g6 44. a4 Rxa4 45. Rxc6 Ra3+ 46. Rc3 b4 47. Rxa3 bxa3 48. Kc2 Kf6 49. Kb3 Kf5 50. Kxa3 h5 51. Kb3 h4 52. Kc3 g4 53. Kd3 g5 54. hxg4+ Kxg4 55. Ke4 Kh5 56. Kf5 g4 57. Bf4 h3 58. gxh3 gxh3 59. Bg3 Kh6 60. Kg4 Kg6 61. Kxh3 Kf5 62. f4 Kf6 63. Kg4 Kg6 64. f5+ Kf6 65. Kf4 Kf7 66. Kg5 Kg7 67. f6+ Kf7 68. Kf5 Kf8 69. Kg6 Kg8 70. f7+ 1-0

[Event "NED-ch U17 Girls"]
[Site "Haarlem"]
[Date "2012.05.06"]
[Round "9"]
[White "Sanders, Catheleijne"]
[Black "Van der Wouden, Lotte"]
[Result "1-0"]
[WhiteElo "1839"]
[BlackElo "1372"]
[PlyCount "31"]
[EventDate "2012.04.28"]
[EventType "tourn"]
[EventRounds "9"]
[EventCountry "NED"]
[SourceTitle "EXT 2013"]
[Source "ChessBase"]
[SourceDate "2012.11.22"]
[SourceVersion "1"]
[SourceVersionDate "2012.11.22"]
[SourceQuality "1"]

1. e4 c5 2. Nf3 Nc6 3. d4 cxd4 4. Nxd4 d6 5. Nc3 g6 6. Be3 Bg7 7. Qd2 Nf6 8. f3 Bd7 9. 0-0-0 a6 10. g4 b5 11. g5 b4 12. Nxc6 Bxc6 13. gxf6 Bxf6 14. Nd5 Bxd5 15. Qxd5 Qc7 16. Qxa8+ 1-0

[Event "EU-ch U14 Girls"]
[Site "Albena"]
[Date "2011.09.14"]
[Round "4"]
[White "Velikic, Adela"]
[Black "Sanders, Catheleijne"]
[Result "0-1"]
[WhiteElo "1907"]
[BlackElo "1778"]
[PlyCount "95"]
[EventDate "2011.09.11"]
[EventType "swiss"]
[EventRounds "9"]
[EventCountry "BUL"]
[SourceTitle "CBM 144 Extra"]
[Source "ChessBase"]
[SourceDate "2011.10.28"]
[SourceVersion "1"]
[SourceVersionDate "2011.10.28"]
[SourceQuality "1"]

1. e4 c5 2. Nf3 d6 3. d4 cxd4 4. Nxd4 Nf6 5. Nc3 a6 6. Be2 e5 7. Nf3 h6 8. 0-0 Be7 9. Re1 Be6 10. Bf1 Nbd7 11. Nd5 Nc5 12. Nxf6+ Bxf6 13. c4 Qc7 14. b4 Nd7 15. Be3 0-0 16. Rc1 a5 17. c5 dxc5 18. bxc5 Bxa2 19. Qa4 Be6 20. c6 bxc6 21. Rxc6 Qb7 22. Bb5 Rfb8 23. Rxe6 fxe6 24. Bxd7 Ra6 25. Be8 Qb4 26. Bd2 Qb2 27. Qd7 a4 28. Qf7+ Kh7 29. Bxh6 Rxe8 30. Qxe8 gxh6 31. Qf7+ Bg7 32. g4 Qb4 33. g5 Qf8 34. Qxf8 Bxf8 35. gxh6 a3 36. Nxe5 a2 37. Ra1 Bb4 38. Nd7 Bc3 39. Nf8+ Kxh6 40. Rxa2 Rxa2 41. Nxe6 Ra4 42. f3 Ra6 43. Nf4 Rf6 44. Ne2 Rxf3 45. Kg2 Rd3 46. Ng3 Be5 47. Nf5+ Kg5 48. h3 0-1

[Event "EU-ch U14 Girls"]
[Site "Albena"]
[Date "2011.09.13"]
[Round "3"]
[White "Head, Louise"]
[Black "Sanders, Catheleijne"]
[Result "1/2-1/2"]
[WhiteElo "1855"]
[BlackElo "1778"]
[PlyCount "81"]
[EventDate "2011.09.11"]
[EventType "swiss"]
[EventRounds "9"]
[EventCountry "BUL"]
[SourceTitle "CBM 144 Extra"]
[Source "ChessBase"]
[SourceDate "2011.10.28"]
[SourceVersion "1"]
[SourceVersionDate "2011.10.28"]
[SourceQuality "1"]

1. d4 d5 2. Nf3 Nf6 3. c4 c6 4. Nc3 e6 5. e3 Nbd7 6. Be2 Bd6 7. 0-0 dxc4 8. Bxc4 Qc7 9. e4 Bf4 10. Bxf4 Qxf4 11. e5 Nd5 12. Qd2 Qxd2 13. Nxd2 f6 14. Bxd5 cxd5 15. exf6 gxf6 16. Nb5 Ke7 17. Rfe1 Nb6 18. a4 Bd7 19. Nc3 Kd6 20. a5 Nc4 21. Nxc4+ dxc4 22. Rad1 Bc6 23. Ne4+ Bxe4 24. Rxe4 Rac8 25. f3 Rhg8 26. Rh4 Rc7 27. Rh5 Rgg7 28. Rb5 c3 29. bxc3 Rxc3 30. Rdb1 Rc2 31. Rxb7 Rgxg2+ 32. Kh1 Rxh2+ 33. Kg1 Rcg2+ 34. Kf1 Ra2 35. Kg1 Rag2+ 36. Kf1 Rg5 37. R1b5 Rhh5 38. Rxg5 Rxg5 39. Rxa7 h5 40. Ra6+ Kd7 41. Ra7+ 1/2-1/2

[Event "Delft Prinsenstad op-B"]
[Site "Delft"]
[Date "2010.04.04"]
[Round "5"]
[White "Sanders, Catheleijne"]
[Black "Gunther, Marcella"]
[Result "1-0"]
[WhiteElo "1685"]
[BlackElo "1867"]
[PlyCount "69"]
[EventDate "2010.04.02"]
[EventType "swiss"]
[EventRounds "6"]
[EventCountry "NED"]
[SourceTitle "EXT 2013"]
[Source "ChessBase"]
[SourceDate "2012.11.22"]
[SourceVersion "1"]
[SourceVersionDate "2012.11.22"]
[SourceQuality "1"]

1. e4 e5 2. Nf3 Nc6 3. d4 exd4 4. Bc4 Nf6 5. e5 d5 6. Bb5 Ne4 7. Nxd4 Bd7 8. Nxc6 bxc6 9. Bd3 Nc5 10. 0-0 Be7 11. Be3 0-0 12. Nc3 Qc8 13. Qd2 Bf5 14. Bxf5 Qxf5 15. f4 Rfd8 16. Qf2 Ne6 17. Ne2 Qxc2 18. f5 Ng5 19. f6 Ne4 20. Qf3 Bc5 21. Bxc5 Qxc5+ 22. Kh1 g6 23. Rac1 Qf8 24. Qf4 c5 25. Rf3 Rab8 26. Rc2 Rb4 27. Qc1 d4 28. Nf4 c4 29. e6 Nxf6 30. Rxc4 Rb6 31. exf7+ Qxf7 32. Rxc7 Qxa2 33. Nd3 a5 34. Qh6 Qe6 35. Qg7# 1-0

[Event "Enschede op-D U14"]
[Site "Enschede"]
[Date "2009.08.03"]
[Round "9"]
[White "Sanders, Catheleijne"]
[Black "Lai, Hing Ting"]
[Result "1-0"]
[WhiteElo "1540"]
[BlackElo "1586"]
[PlyCount "93"]
[EventDate "2009.08.03"]
[EventType "swiss"]
[EventRounds "9"]
[EventCountry "NED"]
[SourceTitle "CBM 132 Extra"]
[Source "ChessBase"]
[SourceDate "2009.11.03"]
[SourceVersion "1"]
[SourceVersionDate "2009.11.03"]
[SourceQuality "1"]

1. e4 e6 2. d4 d5 3. e5 c5 4. c3 Nc6 5. Nf3 Qb6 6. a3 Bd7 7. Be2 cxd4 8. cxd4 Nge7 9. b4 a6 10. Bb2 Ng6 11. 0-0 Be7 12. Nbd2 Nf4 13. Rc1 Na7 14. Re1 Nxe2+ 15. Qxe2 0-0 16. Nb3 Bb5 17. Qd2 Bc6 18. Nc5 Rac8 19. Rc2 Bxc5 20. Rxc5 Bb5 21. Qc3 Bc4 22. Nd2 Bb5 23. Rc1 Nc6 24. Qe3 h6 25. f4 Ne7 26. Qf2 Bd7 27. Nf3 Rc6 28. Nh4 g6 29. g4 Kh7 30. Nf3 Kg7 31. Qh4 Ng8 32. Kf2 Qd8 33. Qg3 Ne7 34. Nh4 Ng8 35. f5 exf5 36. gxf5 Kh7 37. f6 Qe8 38. Rg1 Rxc5 39. dxc5 Bb5 40. Qe3 Qe6 41. Qf4 Rd8 42. Bd4 Be8 43. Nf3 Qf5 44. Qxf5 gxf5 45. Nh4 Bd7 46. Rg7+ Kh8 47. Rxf7 1-0

[Event "Enschede op-D U14"]
[Site "Enschede"]
[Date "2009.08.03"]
[Round "7"]
[White "Sanders, Catheleijne"]
[Black "Oehne, Timo"]
[Result "1/2-1/2"]
[WhiteElo "1540"]
[BlackElo "1500"]
[PlyCount "58"]
[EventDate "2009.08.03"]
[EventType "swiss"]
[EventRounds "9"]
[EventCountry "NED"]
[SourceTitle "CBM 132 Extra"]
[Source "ChessBase"]
[SourceDate "2009.11.03"]
[SourceVersion "1"]
[SourceVersionDate "2009.11.03"]
[SourceQuality "1"]

1. e4 c6 2. d4 d5 3. Nc3 dxe4 4. Nxe4 Bf5 5. Ng3 Bg6 6. h4 h5 7. Nf3 Nd7 8. Bd3 Bxd3 9. Qxd3 g6 10. Bd2 Bg7 11. 0-0-0 Qb6 12. Rhe1 e6 13. Bc3 Ne7 14. Ne4 Qc7 15. Neg5 0-0 16. Qe2 Nd5 17. Bd2 Nf4 18. Bxf4 Qxf4+ 19. Kb1 Rae8 20. g3 Qf5 21. Ne5 Nxe5 22. dxe5 Rd8 23. f4 Rd5 24. Rxd5 cxd5 25. Nf3 Qg4 26. Rg1 Rc8 27. Qb5 Rf8 28. Re1 Qf5 29. Ng5 Qg4 1/2-1/2

[Event "Enschede op-D U14"]
[Site "Enschede"]
[Date "2009.08.03"]
[Round "6"]
[White "Stolwijk, Colin"]
[Black "Sanders, Catheleijne"]
[Result "0-1"]
[WhiteElo "1469"]
[BlackElo "1540"]
[PlyCount "62"]
[EventDate "2009.08.03"]
[EventType "swiss"]
[EventRounds "9"]
[EventCountry "NED"]
[SourceTitle "CBM 132 Extra"]
[Source "ChessBase"]
[SourceDate "2009.11.03"]
[SourceVersion "1"]
[SourceVersionDate "2009.11.03"]
[SourceQuality "1"]

1. e4 e5 2. Nf3 Nc6 3. Nc3 Nf6 4. Bb5 d6 5. 0-0 Be7 6. d3 0-0 7. Be3 Bg4 8. h3 Bh5 9. Bxc6 bxc6 10. Re1 Re8 11. d4 exd4 12. Bxd4 Bf8 13. e5 Nd7 14. g4 Bg6 15. Re3 c5 16. exd6 cxd4 17. dxc7 Qxc7 18. Nxd4 Rxe3 19. fxe3 Qg3+ 20. Kf1 Qxe3 21. Nf3 Bc5 22. Qe2 Qxe2+ 23. Kxe2 Bxc2 24. h4 h6 25. Rc1 Bg6 26. Rd1 Nf6 27. g5 hxg5 28. hxg5 Nh7 29. Nd5 Bh5 30. Rc1 Bb6 31. g6 Ng5 0-1

[Event "Enschede op-D U14"]
[Site "Enschede"]
[Date "2009.08.03"]
[Round "4"]
[White "Van Trijp, Robin"]
[Black "Sanders, Catheleijne"]
[Result "0-1"]
[WhiteElo "1704"]
[BlackElo "1540"]
[PlyCount "154"]
[EventDate "2009.08.03"]
[EventType "swiss"]
[EventRounds "9"]
[EventCountry "NED"]
[SourceTitle "CBM 132 Extra"]
[Source "ChessBase"]
[SourceDate "2009.11.03"]
[SourceVersion "1"]
[SourceVersionDate "2009.11.03"]
[SourceQuality "1"]

1. c4 e5 2. g3 Nf6 3. Bg2 Bc5 4. Nc3 d6 5. d3 c6 6. Nf3 h6 7. a3 Be6 8. b4 Bb6 9. Bb2 Nbd7 10. 0-0 0-0 11. Rc1 Rc8 12. Qa4 a5 13. b5 Nc5 14. Qd1 Qd7 15. bxc6 bxc6 16. Na4 Rb8 17. Bc3 Qa7 18. Nd2 Bd7 19. h3 Rfe8 20. Ra1 d5 21. Qc2 Bc7 22. Nxc5 Qxc5 23. Nb3 Qa7 24. Rab1 Bf5 25. cxd5 cxd5 26. Rfc1 Rec8 27. Qd2 a4 28. Na1 Bd6 29. Nc2 Qd7 30. Kh2 Be6 31. Bb4 Bxb4 32. Nxb4 Kf8 33. Na6 Rxb1 34. Rxb1 Ra8 35. Qb4+ Kg8 36. Nc5 Qc6 37. Nxe6 fxe6 38. Qb6 Qxb6 39. Rxb6 Kf7 40. Kg1 Ke7 41. e3 Ra7 42. h4 Ne8 43. Kf1 Nc7 44. Ke2 Ra5 45. Bh3 Rb5 46. Rc6 Kd7 47. Rc3 Rb2+ 48. Kf3 Nb5 49. Rc1 Nxa3 50. Ra1 Rb3 51. Bf1 Kc6 52. Be2 Kb5 53. d4+ Kb4 54. dxe5 Nc2 55. Rd1 a3 56. Bd3 Kc3 57. Bxc2 Kxc2 58. Ke2 Rb2 59. Ra1 a2 60. Kf3 Kb3 61. Kg4 Rb1 62. Rxa2 Kxa2 63. Kh5 Rb7 64. Kg6 Kb3 65. f4 Kc4 66. g4 Kd3 67. f5 exf5 68. gxf5 Kxe3 69. f6 gxf6 70. exf6 d4 71. f7 Rxf7 72. Kxf7 d3 73. Kg6 d2 74. Kxh6 d1Q 75. h5 Kf4 76. Kg6 Qg4+ 77. Kh6 Kf5 0-1

[Event "NED-ch U15 Girls"]
[Site "Venlo"]
[Date "2009.05.02"]
[Round "9"]
[White "De Ridder, Naomi"]
[Black "Sanders, Catheleijne"]
[Result "1-0"]
[WhiteElo "1344"]
[BlackElo "1484"]
[PlyCount "83"]
[EventDate "2009.04.24"]
[EventType "swiss"]
[EventRounds "9"]
[EventCountry "NED"]
[SourceTitle "EXT 2013"]
[Source "ChessBase"]
[SourceDate "2012.11.22"]
[SourceVersion "1"]
[SourceVersionDate "2012.11.22"]
[SourceQuality "1"]

1. e4 e5 2. Nf3 Nc6 3. Bc4 Bc5 4. c3 Nf6 5. d4 exd4 6. cxd4 Bb4+ 7. Nc3 h6 8. 0-0 Bxc3 9. bxc3 0-0 10. e5 Nh7 11. Bb3 d6 12. Ba3 Re8 13. Re1 Bg4 14. h3 Bh5 15. e6 fxe6 16. Bxe6+ Kh8 17. Qd3 Qf6 18. d5 Ne7 19. c4 Ng5 20. Nxg5 Qxg5 21. Qg3 Qxg3 22. fxg3 Ng8 23. g4 Bg6 24. Bf5 Kh7 25. Re6 Rxe6 26. dxe6 Re8 27. Re1 h5 28. Bb2 hxg4 29. Bxg4 Bd3 30. Be2 Bxe2 31. Rxe2 Kg6 32. g4 Nf6 33. Kf2 b6 34. Kf3 c6 35. h4 Re7 36. h5+ Kh7 37. Bxf6 gxf6 38. Kf4 Kg7 39. Kf5 Re8 40. h6+ Kxh6 41. Kxf6 b5 42. Rh2# 1-0

[Event "NED-ch U15 Girls"]
[Site "Venlo"]
[Date "2009.05.01"]
[Round "8"]
[White "Sanders, Catheleijne"]
[Black "Nicolai, Celine"]
[Result "0-1"]
[WhiteElo "1484"]
[BlackElo "1615"]
[PlyCount "76"]
[EventDate "2009.04.24"]
[EventType "swiss"]
[EventRounds "9"]
[EventCountry "NED"]
[SourceTitle "EXT 2013"]
[Source "ChessBase"]
[SourceDate "2012.11.22"]
[SourceVersion "1"]
[SourceVersionDate "2012.11.22"]
[SourceQuality "1"]

1. e4 e5 2. Nf3 Nc6 3. d4 exd4 4. Bc4 d6 5. Nxd4 Ne5 6. Be2 Nf6 7. Nc3 Be7 8. 0-0 Be6 9. f4 Nc6 10. Be3 a6 11. Nxc6 bxc6 12. f5 Bd7 13. Bg5 h6 14. Bh4 Nxe4 15. Bxe7 Qxe7 16. Nxe4 Qxe4 17. Bd3 Qd4+ 18. Kh1 0-0 19. f6 Qg4 20. Rf3 g6 21. Qd2 Qg5 22. Rf4 c5 23. Be4 Rab8 24. Re1 Rxb2 25. Qf2 Rfb8 26. h4 Qe5 27. Kh2 R2b4 28. g3 Re8 29. Re2 Qe6 30. c3 Rc4 31. Bf3 Qh3+ 32. Kg1 Rxe2 33. Bxe2 Rxc3 34. Rf3 Rc1+ 35. Bf1 Bb5 36. Qe3 Rxf1+ 37. Rxf1 Qxf1+ 38. Kh2 Qe2+ 0-1